[Event "Challenge"]
[Site "http://www.queenalice.com/game.php?id=799551"]
[Date "2010.7.6"]
[Round "-"]
[White "eissoai"]
[Black "vasileC"]
[Result "1-0"]
[WhiteElo "2076"]
[BlackElo "1691"]

1. g3 c6 2. Bg2 Nf6 3. c4 g6 4. e4 e5 5. Nc3 Bg7 6. Nge2 O-O 7. d4 exd4 8. Nxd4
Re8 9. O-O Na6 10. e5 Rxe5 11. f4 Re8 12. f5 d5 13. cxd5 Bxf5 14. Nxf5 gxf5 15.
dxc6 Qb6+ 16. Kh1 Ng4 17. cxb7 Rab8 18. Qf3 Nc5 19. Qxf5 Nf6 20. Nd5 Qe6 21.
Nxf6+ Bxf6 22. Qxc5 Bg7 23. Bf4 Rxb7 24. Bxb7 Bxb2 25. Rae1 Qd7 26. Rxe8+ Qxe8
27. Qc8 Qxc8 28. Bxc8 Bd4 29. a4 Kg7 30. a5 1-0

[Event "Challenge"]
[Site "http://www.queenalice.com/game.php?id=801103"]
[Date "2010.7.10"]
[Round "-"]
[White "montelo"]
[Black "eissoai"]
[Result "0-1"]
[WhiteElo "2120"]
[BlackElo "1780"]

1. e4 g6 2. Nf3 Bg7 3. c3 c5 4. Qb3 Nf6 5. Bc4 O-O 6. Ng5 e6 7. d3 d5 8. exd5
exd5 9. Bb5 a6 10. Qa3 axb5 11. Qxa8 Nc6 12. Qa3 Re8+ 13. Be3 d4 14. cxd4 cxd4
15. Qb3 Qe7 16. O-O dxe3 17. Re1 exf2+ 18. Kxf2 Qxe1+ 19. Kf3 Nd4+ 0-1

[Event "Challenge"]
[Site "http://www.queenalice.com/game.php?id=801104"]
[Date "2010.7.10"]
[Round "-"]
[White "eissoai"]
[Black "montelo"]
[Result "1-0"]
[WhiteElo "1965"]
[BlackElo "2120"]

1. g3 e5 2. Bg2 Nc6 3. c4 Qf6 4. Nc3 Qg6 5. d3 Bc5 6. Nf3 d6 7. O-O Bg4 8. a3
Bxf3 9. Bxf3 Nf6 10. b4 Bb6 11. Rb1 a5 12. b5 Bd4 13. bxc6 Bxc3 14. cxb7 Rb8 15.
Bc6+ Nd7 16. Be3 Bd4 17. Bxd4 exd4 18. Qa4 Qg4 19. Qxa5 O-O 20. Qxc7 Nc5 21. a4
Qxe2 22. a5 Qxd3 23. Bd5 Nb3 24. a6 Nd2 25. Rbd1 Qc2 26. a7 Rbe8 27. b8=Q Nxf1
28. Qxe8 Qxd1 29. Qcxf7+ Kh8 30. Qfxf8# 1-0

[Event "Challenge"]
[Site "http://www.queenalice.com/game.php?id=804329"]
[Date "2010.7.16"]
[Round "-"]
[White "eddval"]
[Black "eissoai"]
[Result "0-1"]
[WhiteElo "2064"]
[BlackElo "2090"]

1. e4 g6 2. d4 Bg7 3. f4 c5 4. c3 Qc7 5. Nf3 d6 6. Bd3 Nf6 7. h3 O-O 8. O-O a6
9. Be3 b5 10. Nbd2 Bb7 11. Rc1 c4 12. Bb1 Nbd7 13. b3 a5 14. bxc4 bxc4 15. a3
Rab8 16. Qa4 Ba6 17. Ba2 Nb6 18. Qxa5 Ra8 19. Rb1 Rfb8 20. Qg5 Bc8 21. Rb2 Rxa3
22. Rc1 Rba8 23. Bb1 Na4 24. Rbc2 Rb8 25. Ra2 Rxb1 26. Rxa3 Rxc1+ 27. Nf1 Rxf1+
28. Kxf1 Nxe4 29. Qh4 Naxc3 30. Ng5 Nxg5 31. fxg5 Nb5 32. Ra4 c3 0-1

[Event "AUTO-MASTER-1171"]
[Site "http://www.queenalice.com/game.php?id=804858"]
[Date "2010.7.17"]
[Round "1"]
[White "BeHappy"]
[Black "eissoai"]
[Result "1-0"]
[WhiteElo "2210"]
[BlackElo "2159"]

1. Nf3 Nf6 2. d4 g6 3. c4 d5 4. Nc3 Bg7 5. b3 O-O 6. Bb2 Bf5 7. e3 Nbd7 8. Be2
Nb6 9. Ne5 dxc4 10. bxc4 c6 11. Ba3 Nfd7 12. Nxd7 Qxd7 13. Rc1 Rfd8 14. O-O e5
15. dxe5 Qc7 16. Bd6 Qc8 17. f4 f6 18. c5 fxe5 19. cxb6 axb6 20. fxe5 Bxe5 21.
Rxf5 Qxf5 22. Qb3+ Kh8 23. Rf1 Qxf1+ 24. Bxf1 Rxd6 25. Ne4 Rd5 26. Bc4 Rda5 27.
Qxb6 1-0

[Event "AUTO-MASTER-1171"]
[Site "http://www.queenalice.com/game.php?id=804859"]
[Date "2010.7.17"]
[Round "1"]
[White "eissoai"]
[Black "BeHappy"]
[Result "0-1"]
[WhiteElo "2120"]
[BlackElo "2220"]

1. g3 f5 2. d3 e5 3. Bg2 Nf6 4. c4 c6 5. Nc3 Be7 6. Nf3 Qc7 7. O-O O-O 8. a3 a5
9. Rb1 Na6 10. Qc2 Rb8 11. Na2 f4 12. b4 Nh5 13. Qb3 Kh8 14. b5 Nc5 15. Qc2 d6
16. e4 g5 17. b6 Qd8 18. d4 Nxe4 19. dxe5 d5 20. Rd1 g4 21. Nd2 Nxf2 22. Rf1
fxg3 23. hxg3 Bf5 24. Qb3 Bxb1 25. Nxb1 Bc5 26. Be3 a4 0-1

[Event "AUTO-MASTER-1171"]
[Site "http://www.queenalice.com/game.php?id=804872"]
[Date "2010.7.17"]
[Round "1"]
[White "Andreu"]
[Black "eissoai"]
[Result "0-1"]
[WhiteElo "1999"]
[BlackElo "2078"]

1. g3 d5 2. Bg2 c5 3. c3 Nc6 4. d4 cxd4 5. cxd4 Nf6 6. Nf3 g6 7. O-O Bg7 8. Nc3
O-O 9. Ne5 Be6 10. e4 dxe4 11. Nxc6 bxc6 12. Nxe4 Nxe4 13. Bxe4 Bxd4 14. Bxc6
Rb8 15. Qe2 Qb6 16. Be4 Rfc8 17. Bf4 Bc4 18. Qf3 Bxf1 19. Bxb8 Bc4 20. Rc1 Qxb8
21. b3 Be6 22. Rd1 Qb6 23. h4 h5 24. a4 Bg4 25. a5 Bxf3 26. axb6 Bxd1 0-1

[Event "AUTO-MASTER-1171"]
[Site "http://www.queenalice.com/game.php?id=804873"]
[Date "2010.7.17"]
[Round "1"]
[White "eissoai"]
[Black "Andreu"]
[Result "1-0"]
[WhiteElo "2124"]
[BlackElo "1999"]

1. g3 d5 2. Bg2 c6 3. c4 dxc4 4. Qc2 e5 5. Qxc4 Be6 6. Qc2 Nf6 7. d3 Be7 8. Nf3
Bd6 9. b3 Na6 10. a3 Nc5 11. Nbd2 Bd5 12. b4 e4 13. bxc5 exf3 14. Nxf3 Be7 15.
O-O O-O 16. e4 Be6 17. Rb1 b6 18. cxb6 axb6 19. Ne5 Qc7 20. Nxc6 Bxa3 21. Bf4
Qb7 22. d4 Rac8 23. d5 Bd7 24. Qc3 Bc5 25. Qxc5 bxc5 26. Rxb7 Bxc6 27. dxc6 Nh5
28. c7 Nxf4 29. gxf4 Ra8 30. Rfb1 1-0

[Event "AUTO-MASTER-1171"]
[Site "http://www.queenalice.com/game.php?id=804882"]
[Date "2010.7.17"]
[Round "1"]
[White "eissoai"]
[Black "li2carpio"]
[Result "1-0"]
[WhiteElo "2158"]
[BlackElo "1981"]

1. g3 e5 2. Bg2 d5 3. c4 dxc4 4. Qa4+ Nc6 5. Bxc6+ bxc6 6. Qxc6+ Bd7 7. Qxc4 Nf6
8. d3 Bd6 9. Nf3 O-O 10. O-O Be6 11. Qc2 Rb8 12. b3 Bf5 13. Nbd2 Bb4 14. Nxe5
Bh3 15. Rd1 g5 16. Ndf3 h6 17. Nc6 Qd6 18. Nxb8 Rxb8 19. Bb2 Ng4 20. Rac1 Qb6
21. Bd4 Qe6 22. Qxc7 Re8 23. e4 Nf6 24. Qc6 Qxc6 25. Rxc6 Nd7 26. Rxh6 g4 27.
Rh8# 1-0

[Event "AUTO-MASTER-1171"]
[Site "http://www.queenalice.com/game.php?id=804883"]
[Date "2010.7.17"]
[Round "1"]
[White "li2carpio"]
[Black "eissoai"]
[Result "0-1"]
[WhiteElo "1972"]
[BlackElo "2175"]

1. e4 g6 2. d4 Bg7 3. Nf3 d6 4. Bc4 Nf6 5. Nc3 O-O 6. O-O Nfd7 7. Bg5 c5 8. dxc5
Nxc5 9. Re1 Nc6 10. Rb1 a6 11. h3 b5 12. Bd5 Bb7 13. a3 Rc8 14. Ba2 Nd7 15. Qd2
Nde5 16. Nd5 Nxf3+ 17. gxf3 Re8 18. Kg2 Nd4 19. c3 Ne6 20. Bh6 Nc5 21. Qf4 Bxd5
22. Bxd5 e6 23. Bxg7 Kxg7 24. Ba2 Nd3 25. Qe3 Nxe1+ 26. Rxe1 Rc5 27. f4 Qc7 28.
f5 exf5 29. Qf4 Rce5 30. f3 Qb7 31. Rd1 fxe4 32. Rxd6 exf3+ 33. Kg3 Qe7 34. Rxa6
Rg5+ 35. Kxf3 Qe2# 0-1

[Event "Challenge"]
[Site "http://www.queenalice.com/game.php?id=810218"]
[Date "2010.7.29"]
[Round "-"]
[White "eissoai"]
[Black "MarcD"]
[Result "1-0"]
[WhiteElo "2212"]
[BlackElo "2128"]

1. g3 d5 2. Bg2 Nf6 3. Nf3 Bf5 4. O-O e6 5. c4 c6 6. Qb3 Qc8 7. d3 Bd6 8. Nc3
Nbd7 9. cxd5 exd5 10. e4 dxe4 11. dxe4 Be6 12. Qd1 Bc7 13. Nd4 Nb6 14. Bg5 Bd8
15. e5 Nfd5 16. Bxd8 Qxd8 17. Nxe6 fxe6 18. Qg4 Qe7 19. Ne4 O-O-O 20. Nd6+ Kb8
21. Rfc1 Nc8 22. Nc4 g5 23. Rab1 h5 24. Qe2 1-0

[Event "Challenge"]
[Site "http://www.queenalice.com/game.php?id=810219"]
[Date "2010.7.29"]
[Round "-"]
[White "MarcD"]
[Black "eissoai"]
[Result "0-1"]
[WhiteElo "2128"]
[BlackElo "2189"]

1. d4 Nf6 2. Nf3 g6 3. Bf4 Bg7 4. e3 O-O 5. Be2 d6 6. Nbd2 c5 7. c3 Nc6 8. h3 a6
9. O-O b5 10. a3 Bb7 11. Rc1 c4 12. Qc2 a5 13. Rfe1 a4 14. e4 Nh5 15. Bh2 e5 16.
dxe5 dxe5 17. Nf1 Nf4 18. Rcd1 Qc7 19. Ne3 Ne7 20. Bxf4 exf4 21. Nd5 Nxd5 22.
exd5 Rad8 23. Rd2 Rxd5 24. Rxd5 Bxd5 25. Qd2 Bb7 26. Rd1 Re8 27. Kf1 Qe7 28. Re1
Qc7 29. Bd1 Rd8 0-1

[Event "Challenge"]
[Site "http://www.queenalice.com/game.php?id=837493"]
[Date "2010.9.24"]
[Round "-"]
[White "eissoai"]
[Black "eddval"]
[Result "1-0"]
[WhiteElo "2231"]
[BlackElo "2169"]

1. g3 d5 2. Bg2 Bf5 3. c4 e6 4. cxd5 exd5 5. Qb3 b6 6. Bxd5 c6 7. Bxf7+ Kd7 8.
Bxg8 Bc5 9. Bc4 Qe7 10. Nf3 Bh3 11. d4 Bb4+ 12. Bd2 Bd6 13. Bg5 Qe8 14. Nbd2 Rf8
15. O-O-O Kc7 16. e4 h6 17. Bf4 Bxf4 18. gxf4 Rxf4 19. Ne5 Bc8 20. Qg3 g5 21.
Nd3 Qf8 22. h4 Nd7 23. hxg5 hxg5 24. Rh7 b5 25. Be6 Kb6 26. Bxd7 Bxd7 27. Rxd7
Qe8 28. Nc5 Rb8 29. Qb3 a5 30. Nc4# 1-0

[Event "Challenge"]
[Site "http://www.queenalice.com/game.php?id=837678"]
[Date "2010.9.25"]
[Round "-"]
[White "eissoai"]
[Black "TiagoAntunes"]
[Result "1-0"]
[WhiteElo "2251"]
[BlackElo "2137"]

1. g3 e5 2. Bg2 d5 3. c4 Nf6 4. d3 dxc4 5. Qa4+ c6 6. dxc4 Bc5 7. Nf3 e4 8. Ng5
e3 9. f4 h6 10. Nf3 O-O 11. Nc3 Nbd7 12. Qc2 Nb6 13. b3 Ng4 14. O-O Qf6 15. Nh4
Rd8 16. Rb1 Qe7 17. Ne4 Bd4 18. c5 Nd7 19. Nf5 Qf8 20. Nxd4 Nxc5 21. Ba3 b6 22.
Nxc6 Bf5 23. Nxd8 Rxd8 24. Rbd1 Nf2 25. Rxd8 Qxd8 26. Bxc5 bxc5 27. Qc4 Bxe4 28.
Bxe4 Nxe4 29. Qxe4 Qd2 30. Qd3 Qxa2 31. Qxe3 Kh7 32. Rd1 Qc2 33. Qd3+ Qxd3 34.
Rxd3 1-0

[Event "Challenge"]
[Site "http://www.queenalice.com/game.php?id=837679"]
[Date "2010.9.25"]
[Round "-"]
[White "TiagoAntunes"]
[Black "eissoai"]
[Result "1-0"]
[WhiteElo "2148"]
[BlackElo "2267"]

1. e4 g6 2. d4 Bg7 3. Nf3 d6 4. h3 Nf6 5. Nc3 O-O 6. Be3 Nfd7 7. Be2 c5 8. O-O
a6 9. d5 b5 10. a3 Qc7 11. Ng5 h6 12. Nf3 c4 13. Qd2 Kh7 14. Nd4 Nc5 15. Rfc1
Nbd7 16. Qd1 Nf6 17. Bf3 Bd7 18. b4 Na4 19. Nxa4 bxa4 20. Qe2 Bb5 21. Rd1 Nd7
22. c3 Ne5 23. Qd2 Nxf3+ 24. Nxf3 Bd7 25. Bd4 Rab8 26. Re1 e5 27. dxe6 fxe6 28.
Rad1 Bxd4 29. Qxd4 Rb6 30. Ne5 Bb5 31. Ng4 e5 32. Qe3 g5 33. h4 Rf4 34. Qh3 Bd7
35. f3 Bxg4 36. fxg4 gxh4 37. Rf1 Rxf1+ 38. Rxf1 Qe7 39. Rf5 Rb8 40. Qf3 Kg7 41.
g5 Rh8 42. Qh5 Rf8 43. Qxh6+ Kg8 44. Qg6+ Kh8 45. Rf6 Rxf6 46. gxf6 1-0

[Event "Challenge"]
[Site "http://www.queenalice.com/game.php?id=860881"]
[Date "2010.11.19"]
[Round "-"]
[White "eissoai"]
[Black "caterina"]
[Result "0-1"]
[WhiteElo "2240"]
[BlackElo "2308"]

1. g3 e5 2. Bg2 d5 3. c4 d4 4. b4 Nf6 5. a3 h6 6. d3 a5 7. b5 Nbd7 8. Nf3 Bc5 9.
O-O O-O 10. a4 Bb4 11. Ba3 Bxa3 12. Nxa3 Qe7 13. Nb1 Nc5 14. Nbd2 Re8 0-1

[Event "Challenge"]
[Site "http://www.queenalice.com/game.php?id=860882"]
[Date "2010.11.19"]
[Round "-"]
[White "caterina"]
[Black "eissoai"]
[Result "1-0"]
[WhiteElo "2318"]
[BlackElo "2223"]

1. e4 g6 2. Nc3 Bg7 3. Nf3 d6 4. d4 Nf6 5. Be2 O-O 6. O-O a6 7. Re1 c5 8. e5 Ng4
9. exd6 exd6 10. dxc5 dxc5 11. Qxd8 Rxd8 12. Ne4 b6 13. Bg5 f6 14. Bc4+ 1-0